000
00304nam a2200121Ia 4500
008
191014s9999 xx 000 0 und d
082
_a
355.02
_b
VON
100
_a
Von Clause, Witz
_9
23946
245
0
_a
On War
260
_a
Pakistan
_b
Combine Printers Lahore
_c
1986
300
_a
Xxxviii,314
942
_c
BK
999
_c
531081
_d
531081